000 01470nam a22002297a 4500
999 _c60380
_d60380
003 Ge_BSU
005 20230707121208.0
008 230707s2012ge xxu||||| |||| 00| 0 geo d
020 _a9789941912382
041 _ageo
080 _a902/904(075.8) ბ-91
100 _aბრაგვაძე, ზურაბ, ავტორი.
_912746
245 _aარქეოლოგია :
_b[კავკასიის უნ-ტის ჰუმანიტ. მეცნ. სკოლის სტუდენტებისათვის] /
_cზურაბ ბრაგვაძე ; [რედ. გ. ნარიმანიშვილი].
264 _aთბილისი :
_bკავკასიის უნ-ტის გამ-ბა,
_c2012.
300 _a107 გვ. :
_bნახ. + 12 ჩართ. ფ. ილ.
_c24 სმ.
500 _aყდაზე: არქეოლ. გათხრების პანორამა.
501 _aტერმინთა მოკლე განმარტ. ლექსიკონი: გვ. 75-86. საძიებელი: გვ. 101-10
504 _aბიბლიოგრ.: გვ. 107.
653 _aარქეოლოგია სახელმძღვანელოები უმაღლესი სასწავლებლებისათვის
700 _aნარიმანიშვილი, გ
_eრედაქტორი
_918379
942 _2udc
_cBK